000
00223nam a22000857a 4500
999
_c
11745
_d
11745
008
200113b ||||| |||| 00| 0 eng d
100
_a
Wyss Robinson
_9
7432
245
_a
Swiss Family Robinson
260
_b
Florida
_c
Fredric Thomson